[Event "Titled Tuesday intern op 25th Mar Early"]
[Site "Chess.com INT"]
[Date "2025.03.25"]
[Round "10"]
[White "Mikhaylova, Irina"]
[Black "Sobek, Jaroslav"]
[Result "1/2-1/2"]
[WhiteElo "2143"]
[BlackElo "2189"]
[PlyCount "83"]
[EventDate "2025.03.25"]
[EventType "swiss (blitz)"]
[EventRounds "11"]
[EventCountry "USA"]
[SourceTitle "CB14_2025"]
[SourceDate "2024.11.01"]
[SourceVersion "1"]
[SourceVersionDate "2024.11.01"]
[SourceQuality "1"]

1. d4 d5 2. Nf3 e6 3. c4 dxc4 4. e3 b5 5. a4 c6 6. b3 Bb4+ 7. Bd2 Bxd2+ 8. Nfxd2 Bb7 9. bxc4 bxa4 10. Qxa4 Ne7 11. c5 0-0 12. Bc4 Nd7 13. 0-0 Nf6 14. Nc3 Qc7 15. Nde4 e5 16. Nd6 exd4 17. exd4 Bc8 18. Qa2 Nf5 19. Nxf5 Bxf5 20. d5 cxd5 21. Nxd5 Nxd5 22. Bxd5 Rac8 23. Qxa7 Qxc5 24. Qxc5 Rxc5 25. Bf3 Rd8 26. Rfd1 Rxd1+ 27. Rxd1 g6 28. h3 h5 29. Rd2 Be6 30. Be4 Kg7 31. Rc2 Rxc2 32. Bxc2 f6 33. f4 h4 34. Kf2 g5 35. Kf3 Bd5+ 36. Be4 Bb3 37. fxg5 fxg5 38. g3 hxg3 39. Kxg3 Kf6 40. Bf3 Be6 41. h4 gxh4+ 42. Kxh4 1/2-1/2

[Event "Titled Tuesday intern op 18th Mar Late"]
[Site "Chess.com INT"]
[Date "2025.03.18"]
[Round "6"]
[White "Pieri, Pierre Louis"]
[Black "Sobek, Jaroslav"]
[Result "1-0"]
[WhiteElo "2203"]
[BlackElo "2189"]
[PlyCount "51"]
[EventDate "2025.03.18"]
[EventType "swiss (blitz)"]
[EventRounds "11"]
[EventCountry "USA"]
[SourceTitle "CB13_2025"]
[SourceDate "2025.03.26"]
[SourceVersion "1"]
[SourceVersionDate "2025.03.26"]
[SourceQuality "1"]

1. d4 d5 2. e4 dxe4 3. Nc3 Nf6 4. f3 exf3 5. Nxf3 Bg4 6. h3 Bh5 7. g4 Bg6 8. Ne5 e6 9. h4 Ne4 10. Bg2 Nxc3 11. bxc3 c6 12. h5 f6 13. hxg6 fxe5 14. dxe5 Qxd1+ 15. Kxd1 h6 16. Rb1 Bc5 17. g5 0-0 18. gxh6 gxh6 19. Bxh6 Rf2 20. Rxb7 Rxg2 21. Rg7+ Kh8 22. Rh7+ Kg8 23. Rg7+ Kh8 24. Rc7 Rxg6 25. Bg7+ Kg8 26. Rh8# 1-0

[Event "Titled Tuesday intern op 11th Mar Late"]
[Site "Chess.com INT"]
[Date "2025.03.11"]
[Round "9"]
[White "Guimaraes, Diogo Duarte"]
[Black "Sobek, Jaroslav"]
[Result "1-0"]
[WhiteElo "2285"]
[BlackElo "2189"]
[PlyCount "47"]
[EventDate "2025.03.11"]
[EventType "swiss (blitz)"]
[EventRounds "11"]
[EventCountry "USA"]
[SourceTitle "CB12_2025"]
[SourceDate "2025.03.19"]
[SourceVersion "1"]
[SourceVersionDate "2025.03.19"]
[SourceQuality "1"]

1. e4 c5 2. Nf3 a6 3. d4 cxd4 4. c3 dxc3 5. Nxc3 d6 6. Bc4 e6 7. Bf4 b5 8. Bb3 Bb7 9. 0-0 Be7 10. Re1 Nf6 11. a3 0-0 12. Qd2 Nc6 13. Rad1 Na5 14. Bc2 Nc4 15. Qc1 Qc7 16. e5 Nxe5 17. Nxe5 dxe5 18. Rxe5 Qc6 19. f3 Bd6 20. Rg5 Bc5+ 21. Kh1 h6 22. Rxg7+ Kxg7 23. Bxh6+ Kg8 24. Qg5+ 1-0